000 00669nam a2200217Ii 4500
003 JO-AjNU
008 230605s9999||||xx |||||||||||||| ||und||
017 _a1985/1989
040 _aJO-AjNU
_bara
_erda
_cJO-AjNU
041 _aara
050 1 4 _aKRM3570.M8782.1993
100 3 _aمرقس، سليمان,
_eauthor
_947162
245 0 0 _aالوافى في شرح القانون المدني في العقود المسماة
250 _aط4
264 3 1 _aد،م : د،ن ،1900
300 _a983ص
336 _atext
_btxt
_2rdacontent
337 _aunmediated
_bn
_2rdamedia
338 _avolume
_bnc
_2rdacarrier
650 4 _aقانون مدني -- مصر
_947163
999 _aA20568
_c24136
_d24136